| 000 | 00667cam a2200205 4500 | ||
|---|---|---|---|
| 001 | WB3644-03 | ||
| 008 | 000000n2000 000 0 eng u | ||
| 035 | _a(Sirsi) u109289 | ||
| 245 | _aLabour costs lower in UK | ||
| 260 | _c2000 | ||
| 490 |
_aContract Journal _v406(6302) 8 November 2000, 6(1) |
||
| 520 | _aThe latest 'Construction Statistics Annual' published by the DETR shows that UK construction labour costs are amongst the lowest in Europe. Compares UK and European labour rates. Table. | ||
| 590 | _aWB | ||
| 650 | _aLABOUR RATES | ||
| 650 | _aDETR | ||
| 650 | _aUNITED KINGDOM | ||
| 650 | _aEUROPE | ||
| 690 | _aBUILT ENVIRONMENT | ||
| 942 | _n0 | ||
| 999 |
_c65231 _d65231 |
||